Rozšírenie steganografického úložiska o ďalšie techniky vkladania informácie

Enregistré dans:
Détails bibliographiques
Auteur principal: Kirka, Juraj (Auteur)
Autres auteurs: Jókay, Matúš (Directeur de thèse)
Format: Manuscrit Livre
Langue:slovaque
Publié: 2015
Sujets:
Accès en ligne:http://is.stuba.sk/zp/portal_zp.pl?podrobnosti=97650
Tags: Ajouter un tag
Pas de tags, Soyez le premier à ajouter un tag!

MARC

LEADER 00000ntm a22000003a 4500
001 stuzp49719
003 SK-STU
005 20160719153350.1
007 ta
008 150427s2015----xo-----f-mn---000-0-slo-d
040 |a STU  |b slo 
041 0 |a slo 
100 1 |a Kirka, Juraj  |u 035000  |4 aut  |U FEI Fakulta elektrotechniky a informatiky  |T FEI Ústav informatiky a matematiky  |X 53648  |U E050  |Y 816  |7 53648 
242 0 1 |a Extension of steganographic file system by adaptive steganography algorithm  |y eng 
245 1 0 |a Rozšírenie steganografického úložiska o ďalšie techniky vkladania informácie 
260 |c 2015 
300 |a 44 s., príl.  |b CD-ROM 
650 4 |a adaptívny algoritmus  |2 slo 
650 4 |a StegoStorage  |2 slo 
650 4 |a steganografia  |2 slo 
650 4 |a obrázky  |2 slo 
650 4 |a steganography  |2 eng 
650 4 |a pictures  |2 eng 
650 4 |a adaptive algorithm  |2 eng 
650 4 |a StegoStorage  |2 eng 
700 1 |a Jókay, Matúš  |4 ths  |X 10139  |7 A000010139 
856 4 |u http://is.stuba.sk/zp/portal_zp.pl?podrobnosti=97650 
996 |b 284ER01902  |c E*Bc- 1902  |l EE35  |s P  |a 0  |w stuzp49719_0001 
SQL |a stuzp49719  |b DBP  |c SLO  |d Rozšírenie steganografického úložiska o ďalšie techniky vkladania informácie  |e 53648  |f Kirka, Juraj  |g 035000  |h 10139  |i Jókay, Matúš  |j 20150706  |k 73  |l 03  |m http://is.stuba.sk/zp/portal_zp.pl?podrobnosti=97650  |n B-API  |o 9.2.9. aplikovaná informatika